000 00851cam a22002653a 4500
001 1408
003 PGUSA
005 20140828083000.0
008 980801s1998||||xxu|||||s|||||000 | eng d
040 _aPGUSA
_beng
042 _adc
050 4 _aDA
050 4 _aQH
100 1 _aWhite, Gilbert,
_d1720-1793
245 1 4 _aThe Natural History of Selborne
_h[electronic resource] /
_cGilbert White
260 _bProject Gutenberg,
_c1998
506 _aPublic domain in the USA.
516 _aElectronic text
653 _aSelborne (England) -- Description and travel -- Early works to 1800
653 _aNatural history -- England -- Selborne -- Early works to 1800
653 _aSelborne (England) -- Antiquities -- Early works to 1800
830 0 _aProject Gutenberg
_v1408
856 4 0 _uhttp://www.gutenberg.org/ebooks/1408
942 _cEB
999 _c230756
_d230756